La violencia: señales y respuestas sociales. Estudio comparativo de los perfiles de violencia en cuatro municipios de Jutiapa y Sololá/
El estudio "La violencia: señales y respuestas sociales" analiza los perfiles de violencia en cuatro municipios de Jutiapa y Sololá a través de un enfoque comparativo. El estudio examina las diferentes manifestaciones de violencia, tanto física como psicológica, y analiza las respuestas so...
Збережено в:
| Автор: | |
|---|---|
| Формат: | Книга |
| Мова: | Spanish |
| Опубліковано: |
Guatemala :
Universidad Rafael Landívar; Intrapaz,
2012
|
| Серія: | Violencias y Construcción de Paz en Guatemala
|
| Предмети: | |
| Теги: |
Додати тег
Немає тегів, Будьте першим, хто поставить тег для цього запису!
|
MARC
| LEADER | 00000nam a22000007a 4500 | ||
|---|---|---|---|
| 003 | cru CIDCACS/IIS | ||
| 005 | 20240821164518.0 | ||
| 008 | 210128s2012 gt |||||r||||||0| ||spa|d | ||
| 040 | |c cru CIDCACS/IIS |a cru CIDCACS/IIS |b spa | ||
| 090 | |a 02.04.02 N849v | ||
| 100 | 1 | |a Normanns Morales, Gustavo Adolfo |9 9795 | |
| 245 | 1 | 3 | |a La violencia: |b señales y respuestas sociales. Estudio comparativo de los perfiles de violencia en cuatro municipios de Jutiapa y Sololá/ |c Gustavo Adolfo Normanns Morales |
| 260 | |a Guatemala : |b Universidad Rafael Landívar; |b Intrapaz, |c 2012 | ||
| 300 | |a 134 páginas: |b tablas, gráfico, mapa | ||
| 490 | 0 | |a Violencias y Construcción de Paz en Guatemala | |
| 520 | 3 | |a El estudio "La violencia: señales y respuestas sociales" analiza los perfiles de violencia en cuatro municipios de Jutiapa y Sololá a través de un enfoque comparativo. El estudio examina las diferentes manifestaciones de violencia, tanto física como psicológica, y analiza las respuestas sociales ante esta problemática. Se exploran factores sociales, económicos y culturales que contribuyen a la violencia, y se busca identificar estrategias efectivas para prevenir y abordar este problema en los municipios estudiados. El estudio proporciona una visión integral de la violencia en la región y busca promover acciones concretas para su mitigación.RAR 02/2023 | |
| 650 | 0 | 0 | |2 OCDE |9 133 |a VIOLENCIA |
| 650 | 0 | 0 | |2 OCDE |9 3538 |a PREVENCIÓN DEL DELITO |
| 650 | 0 | 0 | |2 UNESCO |9 5766 |a FACTORES CULTURALES |
| 650 | 0 | 0 | |2 OCDE |9 632 |a ASPECTOS SOCIALES |
| 650 | 0 | 0 | |2 UNESCO |9 1856 |a ANALISIS COMPARATIVO |
| 650 | 0 | 0 | |2 OCDE |9 237 |a INVESTIGACION SOCIAL |
| 650 | 0 | 0 | |2 OCDE |9 2519 |a COMUNIDADES |
| 651 | 0 | |2 OCDE |9 142 |a GUATEMALA | |
| 942 | |2 z |c LI |i 18323 |k 02.04.02 |m N849v |6 18323 | ||
| 999 | |c 42319 |d 42319 | ||
